000 00236nam a22000977a 4500
082 _a364
100 _aKumar, Uday
_976910
245 _anaxalite MoveMent : ABiggest Challenge to The Internal Security
650 _a364
_980833
942 _cBK
999 _c64072
_d64072